| 000 | 00358nam a2200145Ia 4500 | ||
|---|---|---|---|
| 008 | 230917s9999||||xx |||||||||||||| ||und|| | ||
| 040 |
_e30484 _aMAIN |
||
| 041 | _aEnglish | ||
| 082 | _a320.50954 P884M | ||
| 100 | _aPrakash Chandra | ||
| 245 | 0 | _aModern Indian political thought | |
| 260 |
_aNew Delhi _bVikas _c1998 |
||
| 300 | _ax, 240 p. | ||
| 942 | _cBK | ||
| 999 |
_c101825 _d101825 |
||